skbl

Dr Suryya Kumar Bhuyan Library Web-OPAC
ডঃ সূৰ্য্য
কুমাৰ ভূঞা পুথিভঁৰাল ৱেব-অ'পেক

All Research Scholars are advised to clear the annual library fees to continue using Library Resources, Remote Access, Plagiarism Test and Library Clearance.

Cotton University Book Fair 2026

An Introoduction to Discourse Analysis Theory and method , (Record no. 56914)

MARC details
000 -LEADER
fixed length control field 00538nam a2200193Ia 4500
001 - CONTROL NUMBER
control field 56999
008 - FIXED-LENGTH DATA ELEMENTS--GENERAL INFORMATION
fixed length control field 130902n2011 ii |||gr||||Z||||||465
020 ## - INTERNATIONAL STANDARD BOOK NUMBER
International Standard Book Number 10-0-415-58570-8
082 ## - DEWEY DECIMAL CLASSIFICATION NUMBER
Classification number 401.41
245 #0 - TITLE STATEMENT
Title An Introoduction to Discourse Analysis Theory and method ,
Statement of responsibility, etc. James Paul Gee
Medium Textual Documents
250 ## - EDITION STATEMENT
Edition statement 3rd ed.
260 ## - PUBLICATION, DISTRIBUTION, ETC.
Place of publication, distribution, etc. New York
Name of publisher, distributor, etc. Routledge Publishers
Date of publication, distribution, etc. 2011
300 ## - PHYSICAL DESCRIPTION
Extent 218pg:
Dimensions 23cm.
653 ## - INDEX TERM--UNCONTROLLED
Uncontrolled term English
653 ## - INDEX TERM--UNCONTROLLED
Uncontrolled term Language
653 ## - INDEX TERM--UNCONTROLLED
Uncontrolled term MS- English
700 ## - ADDED ENTRY--PERSONAL NAME
Personal name Gee, James Paul,
Relator term 2011.
942 ## - ADDED ENTRY ELEMENTS (KOHA)
Source of classification or shelving scheme Dewey Decimal Classification
Koha item type Books
Holdings
Withdrawn status Lost status Damaged status Not for loan Collection Home library Current library Shelving location Date acquired Source of acquisition Coded location qualifier Total checkouts Full call number Barcode Date last seen Copy number Price effective from Koha item type Public note
          Dr. Suryya Kumar Bhuyan Library Dr. Suryya Kumar Bhuyan Library   02/09/2013 34 00000   401.41 Ge 27 In 1031/Eng 14/01/2024 1 02/09/2013 Books 34

Designed and Maintained by Team SKBL
©1901-2026

Powered by Koha